Administración y control de inventarios en una cadena de negocios minoristas (Registro nro. 17390)

Detalles MARC
000 -LEADER
fixed length control field 00371 a2200109 4500
001 - CONTROL NUMBER
control field ART_2433
005 - DATE AND TIME OF LATEST TRANSACTION
control field 20260410161726.0
008 - FIXED-LENGTH DATA ELEMENTS--GENERAL INFORMATION
fixed length control field 260409a
100 1# - MAIN ENTRY--PERSONAL NAME
Personal name Raimondi, Carlos A.
245 10 - TITLE STATEMENT
Title Administración y control de inventarios en una cadena de negocios minoristas
773 0# - HOST ITEM ENTRY
Title Administración de empresas
Related parts - Año 7, Nº 73 (abr. 1976)
Record control number REV2036

No hay ítems disponibles.